<?xml version="1.0" encoding="UTF-8"?>
<record
    xmlns:xsi="http://www.w3.org/2001/XMLSchema-instance"
    xsi:schemaLocation="http://www.loc.gov/MARC21/slim http://www.loc.gov/standards/marcxml/schema/MARC21slim.xsd"
    xmlns="http://www.loc.gov/MARC21/slim">

  <leader>01058nam a22002537a 4500</leader>
  <controlfield tag="005">20100326095651.0</controlfield>
  <controlfield tag="008">100326t        xxu||||| |||| 00| 0 hin d</controlfield>
  <datafield tag="010" ind1=" " ind2=" ">
    <subfield code="a">HIN-89186</subfield>
  </datafield>
  <datafield tag="020" ind1=" " ind2=" ">
    <subfield code="c">50.00</subfield>
  </datafield>
  <datafield tag="035" ind1=" " ind2=" ">
    <subfield code="a">HN-61532</subfield>
  </datafield>
  <datafield tag="037" ind1=" " ind2=" ">
    <subfield code="b">DBAD/ PUB</subfield>
  </datafield>
  <datafield tag="040" ind1=" " ind2=" ">
    <subfield code="a">DPL</subfield>
    <subfield code="b">HN</subfield>
  </datafield>
  <datafield tag="082" ind1=" " ind2=" ">
    <subfield code="a">821</subfield>
  </datafield>
  <datafield tag="100" ind1=" " ind2=" ">
    <subfield code="a">&#x930;&#x93E;&#x920;&#x94C;&#x930;, &#x935;&#x93F;&#x91C;&#x92F;</subfield>
    <subfield code="9">17375</subfield>
  </datafield>
  <datafield tag="245" ind1=" " ind2=" ">
    <subfield code="a">&#x935;&#x948;&#x926;&#x947;&#x939;&#x940; /</subfield>
    <subfield code="c">&#x935;&#x93F;&#x91C;&#x92F; &#x930;&#x93E;&#x91F;&#x94C;&#x930;</subfield>
  </datafield>
  <datafield tag="246" ind1=" " ind2=" ">
    <subfield code="a">Vaidaihi/</subfield>
    <subfield code="b">by Vijay Rataur</subfield>
  </datafield>
  <datafield tag="260" ind1=" " ind2=" ">
    <subfield code="a">&#x91C;&#x92F;&#x92A;&#x941;&#x930;</subfield>
    <subfield code="b">&#x92C;&#x94B;&#x927;&#x93F; &#x92A;&#x94D;&#x930;&#x915;&#x93E;&#x936;&#x928;</subfield>
    <subfield code="c">2009</subfield>
  </datafield>
  <datafield tag="270" ind1=" " ind2=" ">
    <subfield code="a">&#x910;&#x902;&#x91A;&#x93E;&#x930;&#x93E; &#x92C;&#x93F;&#x932;&#x94D;&#x921;&#x93F;&#x902;&#x917;, &#x938;&#x93E;&#x917;&#x93E;&#x938;&#x947;&#x924;&#x941; &#x930;&#x94B;&#x921;,&#x938;&#x93E;&#x902;&#x917;&#x93E;&#x928;&#x947;&#x930;</subfield>
    <subfield code="k">0141-3274739,  98290-18087</subfield>
    <subfield code="b">&#x91C;&#x92F;&#x92A;&#x941;&#x930;</subfield>
    <subfield code="e">302015</subfield>
  </datafield>
  <datafield tag="300" ind1=" " ind2=" ">
    <subfield code="a">80&#x92A;&#x943;.</subfield>
    <subfield code="c">22&#x938;&#x947;&#x92E;&#x940; (&#x938;&#x91C;&#x93F;&#x932;&#x94D;&#x926;)</subfield>
  </datafield>
  <datafield tag="650" ind1=" " ind2=" ">
    <subfield code="a">&#x939;&#x93F;&#x928;&#x94D;&#x926;&#x940; &#x915;&#x935;&#x93F;&#x924;&#x93E;</subfield>
    <subfield code="9">657</subfield>
  </datafield>
  <datafield tag="650" ind1=" " ind2=" ">
    <subfield code="a">Hindi poetry</subfield>
    <subfield code="9">17376</subfield>
  </datafield>
  <datafield tag="942" ind1=" " ind2=" ">
    <subfield code="2">ddc</subfield>
    <subfield code="c">HN</subfield>
    <subfield code="m">&#x930;&#x93E;&#x920;&#x94C;&#x930;</subfield>
  </datafield>
  <datafield tag="999" ind1=" " ind2=" ">
    <subfield code="c">34862</subfield>
    <subfield code="d">34862</subfield>
  </datafield>
  <datafield tag="952" ind1=" " ind2=" ">
    <subfield code="0">0</subfield>
    <subfield code="1">0</subfield>
    <subfield code="2">ddc</subfield>
    <subfield code="4">0</subfield>
    <subfield code="7">1</subfield>
    <subfield code="8">NFIC</subfield>
    <subfield code="a">DBAD</subfield>
    <subfield code="b">DBAD</subfield>
    <subfield code="d">2010-03-26</subfield>
    <subfield code="e">DBAD / PUB</subfield>
    <subfield code="g">50.00</subfield>
    <subfield code="l">0</subfield>
    <subfield code="o">&#x930;&#x93E;&#x920;&#x94C;&#x930;</subfield>
    <subfield code="p">HN-61532</subfield>
    <subfield code="r">2010-03-26 00:00:00</subfield>
    <subfield code="t">1</subfield>
    <subfield code="v">50.00</subfield>
    <subfield code="w">2010-03-26</subfield>
    <subfield code="y">HN</subfield>
  </datafield>
</record>
